Geography General Knowledge - Statistics

General Stats
  • This quiz has been taken 254 times
  • The average score is 6 of 9
Answer Stats
Hint Answer % Correct
Only country starting with the letter O Oman
96%
How many stars on the US flag 50
95%
Large Mountain range across Italy,Switzerland and Austria Alps
93%
Xiamen is in which country China
87%
Capital of Colombia Bogota
81%
Capital of Vietnam Hanoi
78%
Flag with yellow and blue horizontal stripes Ukraine
45%
Abbreviation for Macedonia FYROM
14%
President of Greece Prokopis Pavlopoulos
1%
No matching quizzes found
Score Distribution
Percent of People with Each Score
Percentile by Number Answered
Your Score History
You have not taken this quiz